La teoría pura del capital / (Registro nro. 5548)

Detalles MARC
000 -LEADER
fixed length control field 01124nam a2200277Ia 4500
003 - CONTROL NUMBER IDENTIFIER
control field OSt
005 - DATE AND TIME OF LATEST TRANSACTION
control field 20200626172725.0
008 - FIXED-LENGTH DATA ELEMENTS--GENERAL INFORMATION
fixed length control field 191128s1946 sp ado gr 001 0dspa d
040 ## - CATALOGING SOURCE
Original cataloging agency CO-JMCR
Transcribing agency CO-JMCR
041 1# - LANGUAGE CODE
Language code of text/sound track or separate title spa
Language code of original eng
082 04 - DEWEY DECIMAL CLASSIFICATION NUMBER
Classification number 330.157 /
Item number H192t
Edition number 23
100 1# - MAIN ENTRY--PERSONAL NAME
Personal name Hayek, Friedrich A.,
Relator term autor
9 (RLIN) 1762
245 10 - TITLE STATEMENT
Title La teoría pura del capital /
Statement of responsibility, etc. Friedrich A. Hayek ; traducción del inglés, prólogo y notas por Andres Sanchez Arbos
260 ## - PUBLICATION, DISTRIBUTION, ETC.
Place of publication, distribution, etc. Madrid :
Name of publisher, distributor, etc. Aguilar,
Date of publication, distribution, etc. 1946.
300 ## - PHYSICAL DESCRIPTION
Extent xliv, 444 páginas :
Other physical details gráficos a blanco y negro, 1 fotografía a blanco y negro ;
Dimensions 20 cm.
500 ## - GENERAL NOTE
General note Incluye índice páginas 441-444.
504 ## - BIBLIOGRAPHY, ETC. NOTE
Bibliography, etc. note Bibliografía: páginas 431-438.
505 0# - FORMATTED CONTENTS NOTE
Formatted contents note La inversión en una economía sencilla -- La producción capitalista en regimen de concurrencia -- El tipo de interes en una economía monetaria
534 ## - ORIGINAL VERSION NOTE
Introductory phrase The pure theory of capital
546 ## - LANGUAGE NOTE
Language note Traducido del inglés
650 14 - SUBJECT ADDED ENTRY--TOPICAL TERM
Topical term or geographic name entry element Teoría económica
9 (RLIN) 6269
650 24 - SUBJECT ADDED ENTRY--TOPICAL TERM
Topical term or geographic name entry element Capitalismo Capital
9 (RLIN) 6270
650 24 - SUBJECT ADDED ENTRY--TOPICAL TERM
Topical term or geographic name entry element Teorías
9 (RLIN) 6271
700 1# - ADDED ENTRY--PERSONAL NAME
Personal name Sanchez Arbos, Andres,
Relator term traductor
9 (RLIN) 6272
942 ## - ADDED ENTRY ELEMENTS (KOHA)
Source of classification or shelving scheme Dewey Decimal Classification
Koha item type Books
Existencias
Withdrawn status Lost status Source of classification or shelving scheme Materials specified (bound volume or other part) Damaged status Not for loan Home library Current library Shelving location Date acquired Source of acquisition Cost, normal purchase price Total Checkouts Full call number Barcode Date last seen Date last checked out Copy number Price effective from Koha item type
    Dewey Decimal Classification Donación--15/04/2018--     Biblioteca Pública José María del Castillo y Rada Biblioteca Pública José María del Castillo y Rada General Stacks 11/28/2019 Donación 0.00 1 330.157 / H192t 430002067 05/16/2024 11/29/2023 Ej.1 11/28/2019 Books